| 000 | 00385nam a2200157Ia 4500 | ||
|---|---|---|---|
| 008 | 221030s9999 xx 000 0 und d | ||
| 020 | _a8175153407 | ||
| 041 | _aEnglish | ||
| 082 |
_a105.23 _bPan |
||
| 100 | _aB. Pani | ||
| 245 | 2 |
_aA Text Book on Engineering Chemistry _cby B. Pani |
|
| 260 |
_bGalgotia Pub _aNew Delhi _c2001 |
||
| 300 | _a769 | ||
| 650 | _aChemistry | ||
| 942 | _cBK | ||
| 999 |
_c8235 _d8235 |
||